Fundamentals and Applications of Magnetic Materials /

Guardado en:
Detalles Bibliográficos
Autor principal: Krishnan, Kannan M. (Autor)
Formato: Libro
Lenguaje:inglés
Publicado: Oxford University Press 2020
Edición:1. vyd.
Materias:
Etiquetas: Agregar Etiqueta
Sin Etiquetas, Sea el primero en etiquetar este registro!

MARC

LEADER 00000nam a22000003a 4500
001 0085432
003 SK-STU
005 20201214140210.8
007 ta
008 201214s ----xo-----e------000-0-----d
020 |a 978-0-19-886204-8 
040 |a STU  |b slo 
041 0 |a eng 
044 |a xxk 
100 1 |a Krishnan, Kannan M.  |4 aut 
245 1 0 |a Fundamentals and Applications of Magnetic Materials /  |c aut. Kannan M Krishnan 
250 |a 1. vyd. 
260 |a Oxford  |b University Press  |c 2020 
300 |a 794 s. 
650 0 7 |a pevné látky 
650 0 7 |a magnetizmus 
996 |b 284M088536  |c M* 14429-1  |l MMST  |s A  |a 24  |w 0085432_0001